Capital humano y factores sociológicos como determinantes del emprendimiento (Registro nro. 11655)
[ vista simple ]
| 000 -LEADER | |
|---|---|
| fixed length control field | 00906nas a2200277 4500 |
| 005 - DATE AND TIME OF LATEST TRANSACTION | |
| control field | 20190219184408.0 |
| 008 - FIXED-LENGTH DATA ELEMENTS--GENERAL INFORMATION | |
| fixed length control field | 190219b xxu||||| |||| 00| 0 spa d |
| 022 ## - INTERNATIONAL STANDARD SERIAL NUMBER | |
| International Standard Serial Number | 16593359 |
| 082 ## - DEWEY DECIMAL CLASSIFICATION NUMBER | |
| Classification number | TEC Empresarial Vol. 12, Número 3, 2019 |
| 100 ## - MAIN ENTRY--PERSONAL NAME | |
| Personal name | Ferreto Gutiérrez, Eugenia |
| 100 ## - MAIN ENTRY--PERSONAL NAME | |
| Personal name | Lafuente, Esteban |
| 100 ## - MAIN ENTRY--PERSONAL NAME | |
| Personal name | Leiva, Juan Carlos |
| 245 ## - TITLE STATEMENT | |
| Title | Capital humano y factores sociológicos como determinantes del emprendimiento |
| 260 ## - PUBLICATION, DISTRIBUTION, ETC. | |
| Place of publication, distribution, etc. | Costa Rica |
| 260 ## - PUBLICATION, DISTRIBUTION, ETC. | |
| Name of publisher, distributor, etc. | Tecnológica de Costa Rica |
| 260 ## - PUBLICATION, DISTRIBUTION, ETC. | |
| Date of publication, distribution, etc. | 2019 |
| 300 ## - PHYSICAL DESCRIPTION | |
| Extent | 43-49 páginas |
| 440 ## - SERIES STATEMENT/ADDED ENTRY--TITLE | |
| Title | TEC Empresarial |
| Number of part/section of a work | 3 |
| Volume/sequential designation | 12 |
| 9 (RLIN) | 52381 |
| 650 ## - SUBJECT ADDED ENTRY--TOPICAL TERM | |
| Topical term or geographic name entry element | COSTA RICA |
| 9 (RLIN) | 52382 |
| 650 ## - SUBJECT ADDED ENTRY--TOPICAL TERM | |
| Topical term or geographic name entry element | ACTIVIDAD EMPRENDEDORA |
| 9 (RLIN) | 52383 |
| 650 ## - SUBJECT ADDED ENTRY--TOPICAL TERM | |
| Topical term or geographic name entry element | CAPITAL HUMANO |
| 9 (RLIN) | 52384 |
| 650 ## - SUBJECT ADDED ENTRY--TOPICAL TERM | |
| Topical term or geographic name entry element | HABILIDADES |
| 9 (RLIN) | 15045 |
| 650 ## - SUBJECT ADDED ENTRY--TOPICAL TERM | |
| Topical term or geographic name entry element | EMPRENDEDORES |
| 9 (RLIN) | 21 |
| 773 0# - HOST ITEM ENTRY | |
| Host Biblionumber | 8043 |
| Host Itemnumber | 32831 |
| Main entry heading | |
| Edition | |
| Place, publisher, and date of publication | Costa Rica |
| Other item identifier | TE19312 |
| Title | TEC Empresarial |
| Record control number | |
| International Standard Serial Number | 16592395 |
| International Standard Book Number | |
| 942 ## - ADDED ENTRY ELEMENTS (KOHA) | |
| Koha item type | Revista |
No hay ítems disponibles.